00528nam a2200157 4500003000900000020001800009040002800027082001500055100003300070245014700103250001200250260005500262300000900317490001700326650002700343CO-ViMGA a9789582010737 aCO-ViMGAbspacCO-ViMGA04a530.07 V151 aValadares, Eduardo de Campos10aFísica más que divertida :bTomo II : Inventos electrizantes basados en materiales reciclados o de bajo costocEduardo de Campos Valadares a1a. ed. aBogotá :bCooperativa editorial Magisterioc2012 a2 v. aDidácticas14aFísica - Enseñanza